[Event "M.Chigorin Memorial"]
[Site "St. Petersburg RUS"]
[Date "2009.10.21"]
[Round "6.82"]
[White "Lanin, Alexsej"]
[Black "Markevich, Ilya"]
[Result "1/2-1/2"]
[WhiteElo "2446"]
[BlackElo "2157"]
[PlyCount "105"]
[EventDate "2009.??.??"]

1. e4 c5 2. Nf3 e6 3. d4 cxd4 4. Nxd4 a6 5. Nc3 Qc7 6. Be2 Nf6 7. O-O Nc6 8.
Be3 Bb4 9. Na4 O-O 10. Nxc6 bxc6 11. Nb6 Rb8 12. Nxc8 Rfxc8 13. Bxa6 Rd8 14.
Bd3 Bd6 15. Kh1 Be5 16. Rb1 Bxb2 17. f4 e5 18. g3 d5 19. fxe5 Bxe5 20. Rxb8
Qxb8 21. exd5 cxd5 22. Qf3 d4 23. Bd2 Qa8 24. Qxa8 Rxa8 25. Bc4 Ra7 26. Bf4 Nd7
27. Rd1 Bf6 28. Re1 g5 29. Bd6 Kg7 30. Re8 Rb7 31. Bb3 Rb6 32. Be7 h6 33. Kg2
Be5 34. Rd8 Rb7 35. Rc8 Nb6 36. Bf8+ Kg6 37. Rc6+ f6 38. a4 Nd7 39. Ba3 d3 40.
Kf1 h5 41. a5 Rb5 42. a6 Ra5 43. Bc1 Nc5 44. Bc4 Ra1 45. Bxd3+ Nxd3 46. cxd3
Bb2 47. a7 Bxc1 48. a8=Q Rxa8 49. Rxc1 Ra2 50. Kg1 Rd2 51. Rc3 Kf5 52. h3 Ke5
53. Ra3 1/2-1/2

[Event "M.Chigorin Memorial"]
[Site "St. Petersburg RUS"]
[Date "2009.10.21"]
[Round "6.83"]
[White "Balaian, Alina"]
[Black "Burtasova, Anna"]
[Result "1/2-1/2"]
[WhiteElo "2148"]
[BlackElo "2331"]
[PlyCount "86"]
[EventDate "2009.??.??"]

1. e4 c5 2. Nc3 Nc6 3. g3 g6 4. d3 Bg7 5. Be3 d6 6. Qd2 b5 7. Bg2 Rb8 8. h3 Nf6
9. f4 b4 10. Nd1 e5 11. f5 gxf5 12. exf5 Nd4 13. g4 Bb7 14. Bxb7 Rxb7 15. c3
bxc3 16. bxc3 Qa8 17. Rh2 Nd5 18. cxd4 exd4 19. Bh6 Re7+ 20. Re2 Be5 21. Rb1 f6
22. Kf1 Kf7 23. Qb2 Rhe8 24. Qb3 Kg8 25. Nf2 Kh8 26. Ne4 Nc3 27. Nxc3 dxc3 28.
Rbe1 Rb8 29. Qc4 Rb4 30. Rxe5 dxe5 31. Qxc3 Qd5 32. Rc1 Reb7 33. Rc2 Rb1+ 34.
Kf2 Qh1 35. Bc1 R7b4 36. Qxc5 Qh2+ 37. Kf3 Rf4+ 38. Bxf4 Qxf4+ 39. Kg2 Qf1+ 40.
Kg3 Qf4+ 41. Kg2 Qf1+ 42. Kh2 Qf4+ 43. Kh1 Qf3+ 1/2-1/2

[Event "M.Chigorin Memorial"]
[Site "St. Petersburg RUS"]
[Date "2009.10.21"]
[Round "6.84"]
[White "Sichinava, Zviad"]
[Black "Karzev, Evgeny"]
[Result "0-1"]
[WhiteElo "2331"]
[BlackElo "2145"]
[PlyCount "98"]
[EventDate "2009.??.??"]

1. d4 d6 2. c4 c6 3. g3 Nf6 4. Bg2 g6 5. Nc3 Bg7 6. Nf3 O-O 7. O-O Qa5 8. h3
Be6 9. Qd3 Qa6 10. b3 d5 11. Ne5 dxc4 12. bxc4 Nfd7 13. Nxd7 Nxd7 14. Bg5 Qxc4
15. Qxc4 Bxc4 16. Rfd1 Rfe8 17. Rab1 Ba6 18. e4 e6 19. e5 h6 20. Be3 Bf8 21.
Ne4 Rab8 22. Bf1 Bxf1 23. Kxf1 Kg7 24. Rd3 Red8 25. Ke2 Be7 26. Rdb3 b6 27. f4
f5 28. Nc3 Rb7 29. a4 Kf7 30. Rc1 Nb8 31. Kf3 Na6 32. Na2 Rc7 33. Nc3 c5 34.
Nb5 Rcd7 35. Rc4 cxd4 36. Rxd4 Nc5 37. Rbb4 Rxd4 38. Bxd4 Ne4 39. Rb2 a6 40.
Nd6+ Bxd6 41. exd6 Rxd6 42. Be5 Rc6 43. Rb4 Nf6 44. g4 Nd5 45. Rb1 Rc4 46. gxf5
exf5 47. Rd1 Ke6 48. Rg1 g5 49. Re1 Rxa4 0-1

[Event "M.Chigorin Memorial"]
[Site "St. Petersburg RUS"]
[Date "2009.10.21"]
[Round "6.85"]
[White "Guzenko, Artem"]
[Black "Ulanov, Alexandr"]
[Result "0-1"]
[WhiteElo "2139"]
[BlackElo "2312"]
[PlyCount "86"]
[EventDate "2009.??.??"]

1. e4 d5 2. exd5 Qxd5 3. Nf3 Bg4 4. d4 Bxf3 5. Qxf3 Qxf3 6. gxf3 e6 7. Be3 Nc6
8. Bb5 Nge7 9. c3 O-O-O 10. f4 g6 11. Nd2 Bg7 12. Ne4 Rhf8 13. Ke2 Nb8 14. Rad1
Nf5 15. Ng3 Nd6 16. Bd3 Nc6 17. Rhg1 Bf6 18. Kf3 Rd7 19. a4 Ne7 20. b3 Rfd8 21.
Ne2 Ndf5 22. Bc2 Rd6 23. Bc1 R6d7 24. Bb2 Nh4+ 25. Kg3 c5 26. Bd3 Nhf5+ 27. Kf3
cxd4 28. Bb5 Nc6 29. cxd4 Nfxd4+ 30. Bxd4 Bxd4 31. Rc1 Kc7 32. Rc4 Bf6 33. Rgc1
Rd3+ 34. Kg2 Rd1 35. R1c2 R1d2 36. b4 Rxc2 37. Rxc2 Kb6 38. Bxc6 bxc6 39. Kf3
Rd3+ 40. Ke4 Rb3 41. Rc4 Bg7 42. f5 gxf5+ 43. Kf4 Rh3 0-1

[Event "M.Chigorin Memorial"]
[Site "St. Petersburg RUS"]
[Date "2009.10.21"]
[Round "6.86"]
[White "Reshetov, Valery"]
[Black "Urjubdshzirov, Erdni"]
[Result "0-1"]
[WhiteElo "2126"]
[BlackElo "2306"]
[PlyCount "70"]
[EventDate "2009.??.??"]

1. Nc3 e6 2. Nf3 c5 3. e3 Nf6 4. d4 cxd4 5. Nxd4 Nc6 6. Be2 Bb4 7. O-O O-O 8.
Bf3 d5 9. g3 e5 10. Nxc6 bxc6 11. Bg2 Bg4 12. f3 Bf5 13. Ne2 Bc5 14. g4 Be6 15.
Ng3 Qb6 16. Re1 h6 17. Kh1 e4 18. h3 exf3 19. Qxf3 Rac8 20. b3 Nh7 21. Bb2 f6
22. Rad1 Ng5 23. Qf4 Bb4 24. Re2 Rcd8 25. Nh5 Bd6 26. Qf2 Bb8 27. Nf4 Bf7 28.
h4 Ne6 29. Nxe6 Bxe6 30. Bf3 Qc7 31. Qg2 Rde8 32. e4 dxe4 33. Bxe4 Bf7 34. Rde1
Qa5 35. c4 Bg6 0-1

[Event "M.Chigorin Memorial"]
[Site "St. Petersburg RUS"]
[Date "2009.10.21"]
[Round "6.87"]
[White "Frolochkin, Vladimir"]
[Black "Rjanova, Valery"]
[Result "1-0"]
[WhiteElo "2305"]
[BlackElo "2129"]
[PlyCount "183"]
[EventDate "2009.??.??"]

1. e4 c5 2. Nf3 d6 3. d4 cxd4 4. Nxd4 Nf6 5. Nc3 g6 6. Be3 Bg7 7. f3 O-O 8. Qd2
Nc6 9. Bc4 Bd7 10. O-O-O Rc8 11. Bb3 Ne5 12. Kb1 Re8 13. g4 b5 14. g5 Nh5 15.
f4 Nc4 16. Bxc4 Rxc4 17. b3 Rc5 18. Nde2 Rc8 19. Bd4 Bxd4 20. Qxd4 a5 21. Rd2
a4 22. Nd5 axb3 23. cxb3 Rc6 24. Rc1 e5 25. fxe5 Rxc1+ 26. Nxc1 Rxe5 27. h4
Rxe4 28. Qf2 Bf5 29. Kb2 Qa5 30. Rd4 b4 31. Nxb4 Qc5 32. Nc2 Nf4 33. b4 Qe5 34.
Ka3 d5 35. Rxe4 dxe4 36. Qd4 Qc7 37. Kb2 Nd3+ 38. Nxd3 exd3 39. Ne3 Qh2+ 40.
Ka3 d2 41. Nd5 Qg3+ 42. Kb2 d1=N+ 43. Qxd1 Qxh4 44. Qd2 Be6 45. b5 Qa4 46. Qb4
Qxb4+ 47. Nxb4 h5 48. gxh6 g5 49. a4 g4 50. b6 Bc8 51. Nd5 g3 52. Ne7+ Kh7 53.
Nxc8 g2 54. b7 g1=Q 55. b8=Q Qd4+ 56. Kb3 Qd3+ 57. Kb2 Qd4+ 58. Kc1 Qxa4 59.
Qc7 Kxh6 60. Nd6 Qf4+ 61. Kc2 Kg6 62. Qc5 Qh2+ 63. Kb3 Qg3+ 64. Kb4 Qe1+ 65.
Kb5 Qe2+ 66. Kc6 Qf3+ 67. Kd7 Qg4+ 68. Ke8 f5 69. Nf7 Qe4+ 70. Ne5+ Kg5 71. Kf7
Qb7+ 72. Kf8 Qb8+ 73. Kg7 Qb2 74. Qe7+ Kf4 75. Qh4+ Ke3 76. Kf6 Qf2 77. Qc4 Qe2
78. Qc3+ Kf4 79. Qc1+ Kg3 80. Qg5+ Kh3 81. Ng6 Qb2+ 82. Kf7 Kh2 83. Qh4+ Kg1
84. Nf4 Qb7+ 85. Kg6 Qc6+ 86. Kg7 Qb7+ 87. Kf6 Qc6+ 88. Kg5 Kf1 89. Qh3+ Ke1
90. Qe3+ Kd1 91. Qe2+ Kc1 92. Nd3+ 1-0

[Event "M.Chigorin Memorial"]
[Site "St. Petersburg RUS"]
[Date "2009.10.21"]
[Round "6.88"]
[White "Homiakova, Ekaterina"]
[Black "Valov, Ilya"]
[Result "1-0"]
[WhiteElo "2122"]
[BlackElo "2274"]
[PlyCount "63"]
[EventDate "2009.??.??"]

1. e4 g6 2. d4 Bg7 3. Nc3 c5 4. Nf3 cxd4 5. Nxd4 Nc6 6. Be3 d6 7. Qd2 Nf6 8. f3
O-O 9. O-O-O Qa5 10. Kb1 Nxd4 11. Bxd4 Kh8 12. h4 Nh5 13. g4 Ng3 14. Rh2 Nxf1
15. Rxf1 Be6 16. g5 Bxd4 17. Qxd4+ Qe5 18. Qd2 h5 19. gxh6 Kh7 20. f4 Qh5 21.
Rg1 Bg4 22. f5 Rg8 23. f6 e5 24. Nd5 Be6 25. Ne7 Rge8 26. Qf2 Rad8 27. Rhg2
Qxh6 28. Rg5 Rd7 29. h5 Rdxe7 30. fxe7 gxh5 31. Qh4 Bg4 32. R1xg4 1-0

[Event "M.Chigorin Memorial"]
[Site "St. Petersburg RUS"]
[Date "2009.10.21"]
[Round "6.89"]
[White "Bazeev, German"]
[Black "Volokushin, Dmitry"]
[Result "1-0"]
[WhiteElo "2274"]
[BlackElo "2102"]
[PlyCount "79"]
[EventDate "2009.??.??"]

1. d4 d5 2. c4 e6 3. Nc3 Nf6 4. cxd5 exd5 5. Bg5 Be7 6. e3 O-O 7. Bd3 h6 8. Bh4
b6 9. Nge2 c5 10. O-O Nc6 11. dxc5 bxc5 12. Bxf6 Bxf6 13. Nxd5 Bxb2 14. Rb1 Be5
15. f4 Bf6 16. e4 Bd4+ 17. Nxd4 Nxd4 18. Bc4 Be6 19. f5 Bxd5 20. Bxd5 Rb8 21.
Rxb8 Qxb8 22. f6 g6 23. Qg4 Kh7 24. Qd7 Kg8 25. Qe7 Qb5 26. a4 Qxa4 27. Rb1 Qe8
28. Qxc5 Ne2+ 29. Kh1 Nf4 30. Qxa7 Nxd5 31. exd5 Qe4 32. Rd1 Rd8 33. Qe7 Re8
34. Qxe4 Rxe4 35. d6 Re8 36. d7 Rd8 37. g4 g5 38. Rd6 Kh7 39. Kg2 Kg6 40. Kf3
1-0

[Event "M.Chigorin Memorial"]
[Site "St. Petersburg RUS"]
[Date "2009.10.21"]
[Round "6.90"]
[White "Maevsky, Nikolay"]
[Black "Kuzevanova, Evgenia"]
[Result "1/2-1/2"]
[WhiteElo "2273"]
[BlackElo "2116"]
[PlyCount "60"]
[EventDate "2009.??.??"]

1. Nf3 Nf6 2. c4 g6 3. Nc3 d5 4. Qa4+ Bd7 5. Qb3 dxc4 6. Qxc4 Bg7 7. e4 O-O 8.
e5 Ne8 9. Be2 c6 10. O-O Nc7 11. Qh4 c5 12. d3 Nc6 13. Bh6 Ne6 14. Ne4 Ncd4 15.
Nxd4 Nxd4 16. Bg4 Bxg4 17. Bxg7 Kxg7 18. Qxg4 b6 19. Nc3 Qc7 20. Rae1 Rad8 21.
Re4 Qd7 22. Rd1 Qxg4 23. Rxg4 Rd7 24. Kf1 Rfd8 25. Re4 e6 26. Ne2 Nc6 27. Nc1
Nd4 28. Ne2 Nc6 29. Nc1 Nd4 30. Ne2 Nc6 1/2-1/2

[Event "M.Chigorin Memorial"]
[Site "St. Petersburg RUS"]
[Date "2009.10.21"]
[Round "6.93"]
[White "Kaganskiy, Gleb"]
[Black "Zykova, Antonina"]
[Result "1-0"]
[WhiteElo "2248"]
[BlackElo "2094"]
[PlyCount "47"]
[EventDate "2009.??.??"]

1. Nf3 Nf6 2. c4 d6 3. d4 Nbd7 4. Nc3 e5 5. e4 c6 6. Be2 Be7 7. O-O O-O 8. Re1
Qc7 9. Bf1 Re8 10. Rb1 Nf8 11. h3 Ng6 12. b4 h6 13. b5 Bd7 14. bxc6 bxc6 15. d5
c5 16. Re2 Reb8 17. Reb2 Nh7 18. Bd2 Ng5 19. Nxg5 hxg5 20. g3 Rxb2 21. Rxb2 Rb8
22. Nb5 Qb6 23. Rb3 Rb7 24. Nxd6 1-0

[Event "M.Chigorin Memorial"]
[Site "St. Petersburg RUS"]
[Date "2009.10.21"]
[Round "6.94"]
[White "Kopasov, Alexander"]
[Black "Gutyakulov, Amal"]
[Result "1-0"]
[WhiteElo "2227"]
[BlackElo "2089"]
[PlyCount "67"]
[EventDate "2009.??.??"]

1. d4 Nf6 2. c4 e6 3. Nf3 b6 4. g3 Bb7 5. Bg2 Be7 6. O-O O-O 7. Nc3 Ne4 8. Qc2
Nxc3 9. Qxc3 f5 10. d5 c6 11. dxe6 dxe6 12. Bf4 Bf6 13. Qe3 Qc8 14. c5 Na6 15.
cxb6 axb6 16. Qxb6 c5 17. a3 Bd5 18. Rac1 Rf7 19. Be5 Rb7 20. Qa5 Bxf3 21. Bxf3
Bxe5 22. Rfd1 Rc7 23. Bxa8 Qxa8 24. b4 Qb7 25. b5 Nb8 26. b6 Re7 27. Qxc5 Bf6
28. a4 Nd7 29. Qc8+ Qxc8 30. Rxc8+ Kf7 31. b7 Be5 32. f4 Bb8 33. Kg2 Ba7 34.
Ra8 1-0

[Event "M.Chigorin Memorial"]
[Site "St. Petersburg RUS"]
[Date "2009.10.21"]
[Round "6.95"]
[White "Pogosian, Vladimir"]
[Black "Atlas, Eduard"]
[Result "1/2-1/2"]
[WhiteElo "2223"]
[BlackElo "2060"]
[PlyCount "146"]
[EventDate "2009.??.??"]

1. f4 Nf6 2. Nf3 d5 3. d3 Bg4 4. e3 g6 5. Be2 Bg7 6. O-O c6 7. Qe1 Nbd7 8. Nc3
Nc5 9. h3 Bxf3 10. Bxf3 e6 11. e4 O-O 12. e5 Nfd7 13. b4 Na6 14. Rb1 Nc7 15. a4
Re8 16. h4 Bf8 17. h5 b6 18. Ne2 c5 19. b5 a6 20. c4 axb5 21. axb5 Ra7 22. hxg6
hxg6 23. Nc3 Nb8 24. cxd5 exd5 25. Qg3 Bg7 26. Bb2 d4 27. Ne4 Nxb5 28. Ra1 Rxa1
29. Rxa1 Nc7 30. Nd6 Re7 31. Qh3 f6 32. Nc8 Re6 33. Ra7 f5 34. Nd6 Rxd6 35.
exd6 Qxd6 36. Bc1 Nba6 37. Bb7 Nb4 38. Qf3 Qe6 39. Bd2 Kf8 40. Kh2 Qd6 41. Qe2
Bf6 42. Bf3 Nba6 43. g3 Qd8 44. Be1 c4 45. dxc4 d3 46. Qf2 Bd4 47. Qa2 Bc5 48.
Bd5 Qe7 49. Bc3 Qe3 50. Qg2 Qc1 51. Bd2 Qd1 52. Bf3 Qc2 53. g4 b5 54. Rxa6 Nxa6
55. cxb5 Nc7 56. gxf5 gxf5 57. Bc6 Qd1 58. Bf3 Qc2 59. Kh3 Qb2 60. Bh5 Qxb5 61.
Qg6 Qc4 62. Qxf5+ Ke7 63. Qg5+ Kd7 64. f5 Qe4 65. Qg3 Qh1+ 66. Qh2 Qxh2+ 67.
Kxh2 Bd6+ 68. Kg2 Nd5 69. Bf7 Bf4 70. Ba5 d2 71. Bxd2 Bxd2 72. Bxd5 Ke7 73. Kf3
Kf6 1/2-1/2

[Event "M.Chigorin Memorial"]
[Site "St. Petersburg RUS"]
[Date "2009.10.21"]
[Round "6.96"]
[White "Martynov, Pavel"]
[Black "Butuc, Maria"]
[Result "1/2-1/2"]
[WhiteElo "2066"]
[BlackElo "2215"]
[PlyCount "55"]
[EventDate "2009.??.??"]

1. d4 d5 2. c4 c6 3. Nf3 Nf6 4. Nc3 a6 5. c5 g6 6. Bf4 Bg7 7. h3 Nbd7 8. e3 O-O
9. Bd3 Ne8 10. O-O Nc7 11. b4 Re8 12. Qc2 e5 13. dxe5 Nxe5 14. Nxe5 Bxe5 15.
Bxe5 Rxe5 16. e4 Re8 17. a3 Be6 18. e5 a5 19. Ne2 Qh4 20. f4 axb4 21. axb4 Rxa1
22. Rxa1 Bd7 23. Qc3 Ne6 24. Qd2 Bc8 25. Rf1 Ng7 26. Nd4 Ne6 27. Ne2 Ng7 28.
Nd4 1/2-1/2

[Event "M.Chigorin Memorial"]
[Site "St. Petersburg RUS"]
[Date "2009.10.21"]
[Round "6.97"]
[White "Denisov, Ivan"]
[Black "Dolgusheva, Izabella"]
[Result "1-0"]
[WhiteElo "2208"]
[BlackElo "2057"]
[PlyCount "72"]
[EventDate "2009.??.??"]

1. e4 c5 2. Nf3 Nc6 3. d4 cxd4 4. Nxd4 e6 5. Nc3 Qc7 6. Be2 a6 7. O-O Nf6 8.
Be3 Be7 9. f4 d6 10. a4 O-O 11. Kh1 Re8 12. Bf3 Bf8 13. g4 Nxd4 14. Bxd4 e5 15.
Bg1 exf4 16. g5 Nd7 17. Nd5 Qd8 18. Qd2 Nc5 19. Qxf4 Bh3 20. Bxc5 dxc5 21. Bh5
Bxf1 22. Bxf7+ Kh8 23. Bxe8 Qxe8 24. Rxf1 Rd8 25. Nc7 Qe7 26. Ne6 Qxe6 27.
Qxf8+ Rxf8 28. Rxf8+ Qg8 29. Rxg8+ Kxg8 30. Kg2 Kf7 31. Kf3 Ke6 32. Kf4 b5 33.
a5 g6 34. e5 Kd5 35. h3 b4 36. b3 Ke6 1-0

[Event "M.Chigorin Memorial"]
[Site "St. Petersburg RUS"]
[Date "2009.10.21"]
[Round "6.98"]
[White "Azimova, Karina"]
[Black "Solovyov, Viktor"]
[Result "0-1"]
[WhiteElo "1943"]
[BlackElo "2204"]
[PlyCount "106"]
[EventDate "2009.??.??"]

1. e4 e5 2. Nf3 Nc6 3. Nc3 Nf6 4. d4 exd4 5. Nxd4 Bb4 6. Nxc6 bxc6 7. Bd3 d5 8.
exd5 cxd5 9. O-O O-O 10. Bg5 c6 11. Qf3 h6 12. Bxf6 Qxf6 13. Qxf6 gxf6 14. Ne2
c5 15. c3 Ba5 16. Nf4 Rd8 17. Rab1 Rb8 18. Rfd1 Be6 19. Nh5 f5 20. Ng3 f4 21.
Nf5 Bxf5 22. Bxf5 Kg7 23. a3 c4 24. Rd4 Bc7 25. Rd2 Rb5 26. Bg4 Be5 27. Re1 d4
28. cxd4 Rxd4 29. Rc2 Rd6 30. Rxc4 Rxb2 31. h3 Bd4 32. Re2 Rb1+ 33. Kh2 Rf1 34.
g3 fxg3+ 35. Kxg3 Rg1+ 36. Kh2 Ra1 37. a4 Rd1 38. Kg2 Rg6 39. Kf3 Rf6+ 40. Ke4
Bb6 41. f4 Rf1 42. f5 Rd6 43. Ke5 Rd8 44. Rg2 Kf8 45. Be2 Re8+ 46. Kd6 Rxf5 47.
Rcg4 Re6+ 48. Kd7 Rd5+ 49. Kc8 Re8+ 50. Kb7 Re7+ 51. Kc6 Rc5+ 52. Kd6 Re6+ 53.
Kd7 Rc7+ 0-1

[Event "M.Chigorin Memorial"]
[Site "St. Petersburg RUS"]
[Date "2009.10.21"]
[Round "6.100"]
[White "Inants, Aghasi"]
[Black "Komarov, Andrei"]
[Result "1/2-1/2"]
[WhiteElo "2192"]
[BlackElo "2020"]
[PlyCount "75"]
[EventDate "2009.??.??"]

1. e4 c5 2. Nf3 Nc6 3. Bb5 g6 4. Bxc6 bxc6 5. O-O Bg7 6. Re1 Nf6 7. e5 Nd5 8.
c4 Nc7 9. Nc3 Ne6 10. b3 O-O 11. Bb2 f6 12. exf6 Bxf6 13. Na4 Nd4 14. Nxd4 cxd4
15. Nc5 Qa5 16. Ne4 Bg7 17. c5 Ba6 18. Qg4 Qc7 19. g3 Rae8 20. f4 Bc8 21. Qf3
d5 22. cxd6 exd6 23. d3 c5 24. Re2 Bd7 25. Rae1 Kh8 26. Ng5 Rxe2 27. Qxe2 Qc6
28. Qe4 Re8 29. Qxc6 Rxe1+ 30. Kf2 Bxc6 31. Kxe1 Bd5 32. Ke2 h6 33. Nf3 Kg8 34.
Nd2 h5 35. Nc4 Bf8 36. a3 Kf7 37. b4 a6 38. bxc5 1/2-1/2

[Event "M.Chigorin Memorial"]
[Site "St. Petersburg RUS"]
[Date "2009.10.21"]
[Round "6.101"]
[White "Alekseenko, Kirill"]
[Black "Walseth, Tron"]
[Result "1-0"]
[WhiteElo "2174"]
[BlackElo "2020"]
[PlyCount "97"]
[EventDate "2009.??.??"]

1. e4 c5 2. Nf3 d6 3. d4 cxd4 4. Nxd4 Nf6 5. Nc3 g6 6. Be2 Bg7 7. Be3 Nc6 8.
O-O O-O 9. Nb3 Be6 10. f4 Rc8 11. Qd2 a6 12. f5 Bd7 13. g4 b5 14. a3 Ne5 15. g5
Nfg4 16. Bd4 Nc4 17. Qf4 Bxd4+ 18. Nxd4 Qb6 19. Bxg4 Qxd4+ 20. Qf2 Qxf2+ 21.
Rxf2 gxf5 22. exf5 e6 23. Ne4 Ne5 24. Bh3 Bc6 25. Nf6+ Kh8 26. fxe6 fxe6 27.
Bxe6 Nf3+ 28. Rxf3 Bxf3 29. Bxc8 Rxc8 30. c3 Rc5 31. h4 Re5 32. Kf2 Bc6 33. Rd1
Re6 34. Rd3 Kg7 35. Nh5+ Kf7 36. Nf4 Re4 37. Rd4 Rxd4 38. cxd4 Be4 39. b4 Bf5
40. Kf3 Bc8 41. h5 Bd7 42. Ne2 Bf5 43. Kf4 Bd3 44. Ng3 Ke6 45. Ne4 Kd5 46. Nf6+
Kxd4 47. Nxh7 d5 48. Nf6 Kc4 49. g6 1-0

[Event "M.Chigorin Memorial"]
[Site "St. Petersburg RUS"]
[Date "2009.10.21"]
[Round "6.102"]
[White "Savinov, Leonid"]
[Black "Bajaramov, Elvin"]
[Result "1-0"]
[WhiteElo "2167"]
[BlackElo "2019"]
[PlyCount "69"]
[EventDate "2009.??.??"]

1. d4 d5 2. Nf3 Nf6 3. c4 c6 4. e3 a6 5. c5 Nbd7 6. Nc3 Qc7 7. b4 e5 8. Be2 b6
9. a3 a5 10. Bb2 Rb8 11. Rb1 Ne4 12. Nxe4 dxe4 13. Nd2 exd4 14. cxb6 Nxb6 15.
bxa5 dxe3 16. axb6 exd2+ 17. Qxd2 Rxb6 18. O-O Bd6 19. Bxg7 Rxb1 20. Rxb1 Rg8
21. Qh6 Bf5 22. Rd1 Bxh2+ 23. Kh1 Bf4 24. Qf6 Be6 25. Bh5 Bd5 26. Rxd5 Rxg7 27.
Rf5 Qe7 28. Qxc6+ Qd7 29. Qxe4+ Qe7 30. Qxe7+ Kxe7 31. Rxf4 f6 32. g3 Ke6 33.
Kg2 Rg5 34. Bf3 Ra5 35. a4 1-0

[Event "M.Chigorin Memorial"]
[Site "St. Petersburg RUS"]
[Date "2009.10.21"]
[Round "6.103"]
[White "Letov, Petr"]
[Black "Fedotov, Konstantin"]
[Result "1-0"]
[WhiteElo "2157"]
[BlackElo "1891"]
[PlyCount "117"]
[EventDate "2009.??.??"]

1. e4 a6 2. d4 b5 3. a4 b4 4. c4 Bb7 5. Bd3 e6 6. Nf3 c5 7. d5 Qc7 8. O-O e5 9.
Ne1 Nf6 10. f4 d6 11. fxe5 dxe5 12. Nf3 Be7 13. h3 Nbd7 14. Nh4 g6 15. Bg5 Nxd5
16. cxd5 Bxg5 17. Nf3 Be3+ 18. Kh1 c4 19. Qe2 Bf4 20. Bxc4 Nf6 21. Ne1 Nh5 22.
Rf3 Ng3+ 23. Rxg3 Bxg3 24. b3 Qd6 25. Nd3 Bh4 26. Nd2 O-O 27. Nf3 Bf6 28. a5
Bc8 29. Ra4 Rb8 30. Qd2 Bg7 31. Rxb4 Rxb4 32. Qxb4 Qxb4 33. Nxb4 h6 34. Nc6 Re8
35. d6 Kf8 36. Bxa6 Bxa6 37. d7 Ra8 38. d8=Q+ Rxd8 39. Nxd8 Bb5 40. Nb7 Bc6 41.
Nc5 Ke7 42. Nd2 f5 43. Kg1 Kd6 44. b4 fxe4 45. Ncxe4+ Kd5 46. Nc3+ Kd4 47. b5
Ba8 48. a6 Kc5 49. Nde4+ Kb6 50. Kf1 Bf8 51. Ke2 Bb4 52. g3 g5 53. Kd3 h5 54.
Kc4 Ba5 55. Nd5+ Ka7 56. Nxg5 Be1 57. Ne4 Ba5 58. g4 hxg4 59. hxg4 1-0

[Event "M.Chigorin Memorial"]
[Site "St. Petersburg RUS"]
[Date "2009.10.21"]
[Round "6.105"]
[White "Gadzhiev, Yaroslav"]
[Black "Androsov, Sergey"]
[Result "0-1"]
[WhiteElo "2326"]
[BlackElo "2075"]
[PlyCount "52"]
[EventDate "2009.??.??"]

1. d4 Nf6 2. c4 e6 3. Nc3 b6 4. e4 Bb7 5. e5 Ne4 6. Nf3 Bb4 7. Bd2 Nxd2 8. Nxd2
O-O 9. a3 Bxc3 10. bxc3 c5 11. Qh5 f5 12. dxc5 Qc7 13. f4 Qxc5 14. Qe2 Na6 15.
Nb3 Qe7 16. Nd4 Nc5 17. Nb5 Ne4 18. O-O-O Bc6 19. Kb2 Bxb5 20. cxb5 Qc5 21. Qc4
Qf2+ 22. Qe2 Qxf4 23. Rxd7 Qxe5 24. Rd4 Rac8 25. Rxe4 Qxc3+ 26. Ka2 fxe4 0-1

[Event "M.Chigorin Memorial"]
[Site "St. Petersburg RUS"]
[Date "2009.10.21"]
[Round "6.106"]
[White "Kartsev, Soel"]
[Black "Styazhkina, Anna"]
[Result "1/2-1/2"]
[WhiteElo "2241"]
[BlackElo "2059"]
[PlyCount "72"]
[EventDate "2009.??.??"]

1. d4 d5 2. c4 c6 3. Nf3 Nf6 4. e3 Bf5 5. Nc3 e6 6. Be2 h6 7. O-O Bd6 8. b3 O-O
9. Bb2 Nbd7 10. Bd3 Re8 11. Ne2 Bxd3 12. Qxd3 dxc4 13. Qxc4 e5 14. dxe5 Nxe5
15. Nxe5 Bxe5 16. Rad1 Qc7 17. Bxe5 Qxe5 18. Ng3 Rad8 19. h3 Qa5 20. Qc2 Nd5
21. e4 Nf4 22. Qb2 Qg5 23. Rxd8 Rxd8 24. Kh2 h5 25. Rg1 h4 26. Nf5 Nd3 27. Qe2
g6 28. Rd1 gxf5 29. Rxd3 Rxd3 30. Qxd3 Qf4+ 31. Kg1 fxe4 32. Qd8+ Kh7 33. Qe7
Qc1+ 34. Kh2 Qf4+ 35. Kg1 Qc1+ 36. Kh2 Qf4+ 1/2-1/2

[Event "M.Chigorin Memorial"]
[Site "St. Petersburg RUS"]
[Date "2009.10.21"]
[Round "6.107"]
[White "Bratus, Petr P"]
[Black "Martynenko, Alexey"]
[Result "1-0"]
[WhiteElo "2189"]
[BlackElo "2033"]
[PlyCount "85"]
[EventDate "2009.??.??"]

1. d4 d5 2. Nf3 Nf6 3. e3 e6 4. Bd3 c5 5. c3 Nc6 6. Nbd2 Bd6 7. Qe2 e5 8. dxe5
Nxe5 9. Nxe5 Bxe5 10. Nf3 Bc7 11. Bb5+ Bd7 12. Bxd7+ Qxd7 13. c4 O-O 14. O-O
Rad8 15. Rd1 Qe6 16. cxd5 Rxd5 17. Rxd5 Qxd5 18. b3 Rd8 19. Bb2 Ne4 20. h3 h6
21. Rc1 b6 22. Ba1 Nd2 23. Bc3 Nxf3+ 24. Qxf3 Qxf3 25. gxf3 b5 26. Kf1 b4 27.
Bxb4 cxb4 28. Rxc7 a5 29. Rc5 Ra8 30. h4 Kf8 31. Kg2 Ke7 32. Rd5 Ke6 33. e4 a4
34. Rb5 a3 35. Rxb4 Kd6 36. Ra4 Rxa4 37. bxa4 h5 38. f4 g6 39. Kf3 Kc5 40. f5
gxf5 41. e5 Kb4 42. Kf4 Kxa4 43. Kxf5 1-0

[Event "M.Chigorin Memorial"]
[Site "St. Petersburg RUS"]
[Date "2009.10.21"]
[Round "6.108"]
[White "Kushka, Alena"]
[Black "Abramichev, Artyom"]
[Result "1-0"]
[WhiteElo "2182"]
[BlackElo "2019"]
[PlyCount "73"]
[EventDate "2009.??.??"]

1. d4 Nf6 2. Nf3 e6 3. c4 c5 4. d5 exd5 5. cxd5 d6 6. Nc3 Be7 7. e4 Bg4 8. Be2
Nbd7 9. Nd2 Bxe2 10. Qxe2 O-O 11. O-O Re8 12. f4 Bf8 13. g4 Nb6 14. Qf3 Nfd7
15. b3 g6 16. Bb2 Bg7 17. Rae1 Qe7 18. Re2 a5 19. e5 dxe5 20. Nb5 Rac8 21. d6
Qh4 22. Nc7 Rf8 23. Bxe5 Nxe5 24. fxe5 Nd7 25. Rfe1 Qg5 26. Qe3 Qxg4+ 27. Rg2
Qf5 28. Nf3 Bh6 29. Qe2 Qh5 30. Nd5 Kh8 31. Ne7 Rce8 32. Ng5 Qxe2 33. Rexe2
Nxe5 34. Rxe5 f6 35. Nxg6+ hxg6 36. Rxe8 Rxe8 37. d7 1-0

[Event "M.Chigorin Memorial"]
[Site "St. Petersburg RUS"]
[Date "2009.10.21"]
[Round "6.109"]
[White "Nuretdinov, Igor"]
[Black "Zheleznaykov, Peter"]
[Result "1-0"]
[WhiteElo "2182"]
[BlackElo "1990"]
[PlyCount "120"]
[EventDate "2009.??.??"]

1. d4 d5 2. c4 e6 3. Nf3 Be7 4. Nc3 Nf6 5. e3 O-O 6. Bd3 dxc4 7. Bxc4 b6 8. O-O
Bb7 9. a3 c5 10. dxc5 Bxc5 11. b4 Be7 12. Qxd8 Rxd8 13. Bb2 Nbd7 14. Ne2 Rac8
15. Rac1 Rc7 16. Ned4 Rdc8 17. Bb3 a6 18. Rxc7 Rxc7 19. Rc1 Rxc1+ 20. Bxc1 Ne4
21. Nxe6 Ndf6 22. Nf4 Ng4 23. Nd3 Kf8 24. h3 Ngf6 25. Nf4 h6 26. Ne5 Nd6 27. f3
Ke8 28. Bb2 g5 29. Ne2 Nd7 30. Nxd7 Kxd7 31. Kf2 h5 32. Nc1 a5 33. bxa5 bxa5
34. Nd3 f6 35. Nc5+ Kc6 36. Nxb7 Nxb7 37. Ke2 Kb5 38. g3 Nc5 39. Bc2 Kc4 40. h4
gxh4 41. gxh4 f5 42. Bxf5 Kb3 43. Bc1 Bxh4 44. Bg6 Be7 45. Bxh5 Kc2 46. Bd2 Nb3
47. Bg6+ Kb2 48. a4 Nxd2 49. Kxd2 Kb3 50. Be8 Kc4 51. Bb5+ Kd5 52. Kd3 Bf8 53.
f4 Bh6 54. Ba6 Bg7 55. e4+ Kc5 56. e5 Bh6 57. Ke4 Kc6 58. f5 Bc1 59. Bb5+ Kc7
60. f6 Bb2 1-0

[Event "M.Chigorin Memorial"]
[Site "St. Petersburg RUS"]
[Date "2009.10.21"]
[Round "6.110"]
[White "Yurenok, Maria S"]
[Black "Korchagina, Viktoria"]
[Result "0-1"]
[WhiteElo "1981"]
[BlackElo "2172"]
[PlyCount "76"]
[EventDate "2009.??.??"]

1. d4 Nf6 2. Nf3 e6 3. Bg5 h6 4. Bh4 c5 5. e3 cxd4 6. exd4 b6 7. Bd3 Ba6 8. O-O
Be7 9. c3 O-O 10. Bxa6 Nxa6 11. Ne5 Nc7 12. Nd2 Nfd5 13. Bxe7 Nxe7 14. Qh5 d6
15. Nef3 Ncd5 16. Qh4 Qd7 17. Qe4 f5 18. Qc2 Rae8 19. Rae1 g5 20. c4 Nf6 21. h3
Ng6 22. g3 g4 23. hxg4 Nxg4 24. Nh2 Nf6 25. Re3 Nh7 26. f4 Rf7 27. Ng4 Kg7 28.
Nf2 h5 29. Nf3 h4 30. Nxh4 Nxh4 31. gxh4 Qe7 32. Rh3 Kh8 33. Kh2 Rg7 34. Qd3
Reg8 35. Qf3 Rg4 36. d5 Qg7 37. dxe6 Rg2+ 38. Kh1 Rg1+ 0-1